Počúvanie ako superschopnosť

Saved in:
Bibliographic Details
Main Author King, Patrick
Format Electronic eBook
LanguageCzech
Published Grada SK 2025
Edition1. elektronické vydání
Subjects
Online AccessDostupné v BOOKPORT po přihlášení pomocí eduID
ISBN978-80-8305-034-1
978-80-8305-032-7
Physical Description1 online zdroj (144 stran)

Cover

LEADER 00000nam a2200000 i 4500
001 bkp100388
003 CZ-prgp
005 20250526122704.0
006 m o d
007 cr cn
008 250526s2025 xr o 000 0 cze
020 |a 978-80-8305-034-1  |c 329 Kč  |q (online ; epub) 
020 |a 978-80-8305-032-7  |c 387 Kč  |q (print) 
040 |a Grada  |b cze  |e rda 
100 1 |a King, Patrick 
245 1 0 |a Počúvanie ako superschopnosť  |c Patrick King 
250 |a 1. elektronické vydání 
264 1 |b Grada SK  |c 2025 
300 |a 1 online zdroj (144 stran) 
336 |a text  |b txt  |2 rdacontent 
337 |a počítač  |b c  |2 rdamedia 
338 |a online zdroj  |b cr  |2 rdacarrier 
520 3 |a Vytrénujte si zručnosť vnímať, čo druhí skutočne hovoria, a cestu do ich srdca máte otvorenú 
650 0 4 |a Komunikace 
650 0 4 |a Komunikační dovednosti 
650 0 4 |a Sebepoznání 
650 0 4 |a Šťastný život 
650 0 4 |a Vztahy, láska, rodina 
856 4 0 |u https://www.bookport.cz/AccountSaml/SignIn/?idp=https://shibboleth.utb.cz/idp/shibboleth&returnUrl=/kniha/pocuvanie-ako-superschopnost-14858/  |y Dostupné v BOOKPORT po přihlášení pomocí eduID